MARC

LEADER 00000nas a2200000 a 4500
001 ssj0000816
003 WaSeSS
005 20200512172242.0
006 m d
007 cr n
008 021211c18939999enktr pss o 0 a0eng c
010 |a  2002227357 
015 |a GBB350484  |2 bnb 
016 7 |a 021376697  |2 DE-101 
016 7 |a 2038485-3  |2 DE-600 
016 7 |a 100967568  |2 DNLM 
016 7 |a 012433089  |2 Uk 
022 |a 1475-4959  |l 0016-7398  |y 0016-7398 
030 |a GGJOAR 
035 |a (WaSeSS)ssj0000816 
040 |a EYM  |b eng  |c EYM  |d OCLCQ  |d OCL  |d OCLCQ  |d GUA  |d ZAD  |d OCLCQ  |d GBVCP  |d OCLCQ  |d OCLCF  |d CUS  |d OCLCO  |d VT2  |d OCLCQ  |d DEBBG  |d DEFHM  |d OCLCO  |d WT2  |d OCLCA  |d OCLCQ  |d EZC  |d OCLCQ  |d WYU  |d OCLCQ  |d U3W  |d NJT  |d NTG  |d RCE  |d NLE  |d CEF  |d UKMGB  |d CNTRU  |d CAUOI  |d OCLCE  |d AZU  |d UAB  |d FIE  |d INARC  |d CSU  |d BRL  |d AU@  |d ORU  |d NLW  |d LIP  |d OCLCQ  |d OCLCA  |d AUD  |d OCLCQ  |d WaSeSS 
042 |a pcc  |a dlr 
050 1 4 |a G7 
082 0 4 |a 910.5 
130 0 |a Geographical journal (Online) 
222 0 |a Geographical journal  |b (Online) 
245 1 4 |a The geographical journal  |h [electronic resource]. 
260 |a London :  |b Royal Geographical Society,  |c 1893- 
310 |a 3 no. a year,  |b 1973- 
321 |a Bimonthly,  |b 1893-1950 
321 |a Quarterly,  |b 1951-1972 
362 0 |a Vol. 1, no. 1 (Jan. 1893)- 
500 |a Title from title screen (viewed Dec. 12, 2002). 
500 |a Title varies slightly. 
506 |a License restrictions may limit access. 
538 |a Master and use copy. Digital master created according to Benchmark for Faithful Digital Reproductions of Monographs and Serials, Version 1. Digital Library Federation, December 2002.  |u http://purl.oclc.org/DLF/benchrepro0212  |5 MiAaHDL 
538 |a Mode of access: World Wide Web. 
583 1 |a digitized  |c 2010  |h HathiTrust Digital Library  |l committed to preserve  |2 pda  |5 MiAaHDL 
588 1 |a Vol. 162, no. 3 (Nov. 1996). 
650 0 |a Geography  |v Periodicals. 
650 6 |a Géographie  |v Périodiques 
650 7 |a Geography.  |v [periodicals]  |y 1893-.  |2 blmlsh 
650 7 |a Géographie.  |2 eclas 
650 7 |a Publications périodiques.  |2 eclas 
650 7 |a Geography.  |2 fast  |0 (OCoLC)fst00940469 
650 7 |a Geografie  |2 gnd 
650 1 7 |a Geografie.  |2 gtt 
650 7 |a GEOGRAFIA  |x PUBLICACIONES PERIODICAS.  |2 renib 
653 0 |a Geography. 
655 0 |a Electronic journals. 
710 2 |a Royal Geographical Society (Great Britain) 
776 0 8 |i Print version:  |t Geographical journal  |x 0016-7398  |w (DLC) 28017564  |w (OCoLC)1570660 
780 0 0 |t Proceedings of The Royal Geographical Society and monthly record of geography (Online)  |w (DLC) 2002227355  |w (OCoLC)51205375 
856 4 0 |z Full text available from Research Library: 03/01/1994 to 03/31/2011  |u https://search.proquest.com/publication/42292